Evolució del mercat de treball de la província de Barcelona : 2 T 2003 2 T 2003
Descripción Física:
[154] p. : mapes, gràf., taules ; 21 x 30 cm
MARC
| LEADER | 00000nam a2200000Ia 4500 | ||
|---|---|---|---|
| 001 | 24187 | ||
| 008 | 160829s9999 xx 000 0 cat d | ||
| 080 | |a Bib-185 | ||
| 245 | |a Evolució del mercat de treball de la província de Barcelona : |b 2 T 2003 | ||
| 260 | |a [Barcelona] : |b Diputació de Barcelona, Xarxa de Municipis, [2003] | ||
| 300 | |a [154] p. : |b mapes, gràf., taules ; |c 21 x 30 cm | ||
| 650 | 0 | |a Mercat de treball |x Barcelona (Província) |9 43671 | |
| 650 | |a Barcelona (Província) |x Estadístiques |x Revistes |9 49795 | ||
| 650 | |a Barcelona (Província) |x Condicions econòmiques |x Estadístiques |x Revi |9 49797 | ||
| 651 | 0 | |a Barcelona (Catalunya : Província) |x Condicions socials |x Estadístiques |9 72083 | |
| 710 | 1 | |a Barcelona (Catalunya : Província). |b Diputació |9 52408 | |
| 901 | |a Arxiu | ||
| 942 | |n 1 | ||
| 952 | |0 0 |1 0 |4 0 |6 BIB185 |7 1 |9 55601 |a Arxiu |b Arxiu |d 2016-12-01 |l 0 |o Bib-185 |p 24187 |r 2016-12-01 00:00:00 |w 2016-12-01 |y ARXIU | ||
| 999 | |c 59474 |d 59474 | ||